[Event "Moniek_Janssen's Schweizer System"]
[Site "T#646157Emanuel Laske"]
[Date "2020.05.18"]
[Round "6"]
[White "Lamborghini"]
[Black "Little champs"]
[Result "1/2-1/2"]
[WhiteElo "2320"]
[BlackElo "2165"]
[Annotator "TA"]
[PlyCount "125"]
[EventDate "2020.05.18"]
[EventType "swiss (blitz)"]

{[%evp 16,125,51,35,47,38,24,58,111,111,112,128,655,232,222,226,233,238,299,304,296,297,337,329,320,302,454,447,474,457,394,275,272,91,87,83,351,351,314,286,358,237,389,270,391,281,653,370,324,259,251,220,198,54,829,807,952,937,906,799,1245,1245,1038,978,5314,5313,2696,2537,29980,2054,29985,29974,29986,29981,29981,29981,29979,143,143,8,8,8,8,8,8,8,8,8,177,8,8,8,8,8,8,8,8,8,8,0,8,8,8,0,0,0,8,-8,-8,-8,0,0]} 1. e4 e5 2. Nf3 d6 3. d4 exd4 4. Nxd4 Nf6 5. Nc3 Be7 6. Bf4 O-O 7. Qd2 a6 8. O-O-O b5 9. f3 c5 {C41: Philidor Defence.} 10. Nf5 Bxf5 $1 11. exf5 b4 (11... Nc6 $14) 12. Nd5 $16 Nxd5 13. Qxd5 {[%mdl 64] [#] Double Attack} Qc7 $146 {[%mdl 8192]} (13... Ra7 $16) ({Predecessor:} 13... Ra7 14. h4 Nd7 15. g4 Qa5 16. Kb1 Nb6 17. Qd2 Na4 18. g5 d5 19. Be5 f6 20. gxf6 gxf6 {1-0 (35) Blanchard,M (1804)-Ibanez Iglesias,J (2059) Montevideo 2015}) 14. Bxd6 $2 (14. Qxa8 Nd7 15. Qxa6) 14... Bxd6 $18 15. Qxd6 Qxd6 16. Rxd6 a5 17. Bc4 Ra7 18. Rhd1 h6 19. g4 a4 20. h4 b3 (20... Rc7 $142 21. R1d5 a3 22. bxa3 bxa3) 21. a3 bxc2 22. Kxc2 Rc7 {and the idea ...Nc6 leaves Black hopeful.} 23. f4 Nc6 24. g5 $2 (24. Rd7 $18 Rcc8 25. R1d5) 24... Nd4+ $16 25. Kc3 h5 $2 {[%mdl 8192]} (25... Nxf5 $16 26. Ra6 Ne3) 26. g6 $18 Kh8 27. gxf7 Kh7 28. Rd5 Kh6 $2 (28... Rfxf7 {was worth a try.} 29. Bd3 c4) 29. Re1 Rfxf7 (29... Rcxf7 $142 30. Rxc5 {[%mdl 64] Discovered Attack} Rd7) 30. Ree5 Nf3 $2 (30... Rf8 31. Bd3 (31. Rxc5 Rxc5 32. Rxc5 Nxf5 $16) 31... Rcf7) 31. Re6+ Kh7 32. Bd3 {Black must now prevent Re8.} Rf6 33. Rxf6 gxf6 {[%mdl 4096] Endgame KRB-KRN} 34. Kc4 ({White should try} 34. Bb5 $18) 34... Nd4 $2 {[%mdl 8192]} (34... Nxh4 $14 35. Rxc5 Rb7) 35. Rxc5 Nc6 36. Be4 Na5+ 37. Kb5 Rxc5+ 38. Kxc5 {KB-KN} Nb3+ 39. Kd6 Nd2 40. Bc6 Nc4+ 41. Ke7 Nxb2 42. Kxf6 {Threatening mate with Ke7.} Nc4 43. Bxa4 Nxa3 44. Kg5 Nc4 45. f6 Nd6 46. f5 $2 (46. Bc6 {mates} Nc8 47. Be4+ Kg8 48. Kxh5 Nb6 49. Kg5 Nd7 50. Bd5+ Kh8 51. f7) 46... Ne4+ $16 {[#]} 47. Kxh5 (47. Kf4 $1 $16 {[%cal Rf4e4]} Nxf6 48. Bc6) 47... Nxf6+ $11 48. Kg5 Ne4+ 49. Kf4 Nf6 $1 50. Bc2 {aiming for Kg5.} Kg7 51. Ke5 Nh5 $2 {[#]} (51... Ng4+ $11 {and Black stays safe.} 52. Ke6 Nh6) 52. Be4 $2 (52. Bd1 $1 $18 {[%cal Rd1h5]} Nf6 53. h5 Nd7+ 54. Ke6 Nf8+ 55. Ke5 Nd7+ 56. Ke6 Nf8+ 57. Ke7) 52... Nf6 {The position is equal.} 53. Bf3 {Strongly threatening Ke6.} Ng8 54. h5 Nh6 55. Kf4 Kf6 56. Bg4 Nf7 57. Bf3 Nh6 58. Be4 Nf7 59. h6 Nxh6 60. Bd3 Nxf5 61. Be4 Ne7 62. Bf5 Ng6+ 63. Bxg6 {White really could win this. Accuracy: White = 52%, Black = 45%.} 1/2-1/2

[Event "Moniek_Janssen's Schweizer System"]
[Site "T#646157Emanuel Laske"]
[Date "2020.05.18"]
[Round "6"]
[White "SecantFX"]
[Black "Toosieslide"]
[Result "0-1"]
[WhiteElo "1869"]
[BlackElo "2149"]
[Annotator "TA"]
[PlyCount "100"]
[EventDate "2020.05.18"]
[EventType "swiss (blitz)"]

{[%evp 9,100,-52,-20,-68,1,-54,-3,-4,19,0,1,-83,-79,-114,-19,-32,-6,-15,0,0,38,10,39,35,39,-7,27,-43,-37,-41,8,-26,-37,-68,0,-59,-54,-59,-27,-33,-26,-78,0,0,0,-216,-152,-147,-93,-175,-72,-57,-11,-11,-12,-4,-4,-243,-218,-273,-265,-298,-243,-232,-227,-228,-239,-367,-331,-302,-64,-45,260,256,204,226,220,218,163,131,115,65,79,0,602,523,518,494,29975,-29991,-29992,-29993,-29993]} 1. g3 c6 2. Bg2 d5 3. f3 Nf6 {[#]} 4. b3 $146 ({Predecessor:} 4. f4 b6 5. d3 Bf5 6. e3 e6 7. Qe2 Nbd7 8. e4 Bb4+ 9. Bd2 Bg4 10. Bf3 {1-0 (29) Ipekyilmaz,E (1552)-Miedema,H (1221) ICCF email 2016}) 4... Bf5 5. Bb2 e6 6. d3 {A00: Irregular Openings.} Be7 (6... d4 $15) 7. Nd2 (7. e4 $11 Bg6 8. Ne2) 7... Bg6 (7... d4 $1 $15) 8. e4 $11 {The position is equal.} O-O 9. Ne2 Nbd7 10. Kf1 (10. e5 $11 {keeps the balance.} Ne8 11. d4) 10... e5 $17 11. h3 d4 (11... a5 $17 12. Kg1 a4) 12. Kg1 c5 13. Kh2 Bd6 14. Rf1 Qc7 15. Kg1 Bh5 16. g4 Bg6 17. Ng3 h5 18. Nf5 ({White should try} 18. Nc4 $11) 18... Bxf5 $1 $15 19. gxf5 g6 20. fxg6 fxg6 21. Nc4 h4 (21... Ne8 $15) 22. Bc1 (22. Qd2 $11) 22... Nh5 $1 ({Worse is} 22... b5 23. Nxd6 Qxd6 24. f4 $16) 23. Bg5 b5 24. Nxd6 Qxd6 25. f4 (25. Bxh4 $11 {remains equal.} Nf4 26. Bg5) 25... Nxf4 (25... exf4 $17 26. Rf2 Ne5) 26. Bxf4 $11 exf4 {[#]} 27. Qg4 $2 (27. e5 $1 $11 {[%mdl 512] and White has nothing to worry.} Nxe5 (27... Qxe5 28. Bxa8) 28. Bxa8 Rxa8 29. Rxf4) 27... Kg7 28. Qxh4 Qe5 (28... Rae8 $142 29. a4 b4) 29. Bf3 (29. Qg4 $17 Qd6 30. Qh4) 29... g5 (29... Rf7 $19 30. Qf2 Qe7) 30. Qg4 $17 Nf6 31. Qf5 Qxf5 32. exf5 Rae8 $36 {[%mdl 2048] next ...Re3 is good for Black. White is under pressure.} 33. Rae1 $2 (33. Kf2 $11 {and White is okay.}) 33... Re3 $19 34. Rxe3 dxe3 {[%mdl 4096] Endgame KRB-KRN} ({Less strong is} 34... fxe3 35. a3 $17) 35. Re1 Re8 36. Kg2 Re5 37. c3 Rxf5 38. d4 (38. Rc1 {is a better defense.}) 38... cxd4 39. cxd4 Nd5 $2 ({Black should play} 39... b4 $19 {Hoping for ...Ra5.} 40. Rc1 Ra5) 40. Be4 $15 Rf8 $2 {[%mdl 8192]} (40... Ne7 $15 41. Bxf5 Nxf5) 41. Bxd5 $18 {KRB-KR} Rd8 42. Bc6 Rxd4 43. Bxb5 Rd2+ 44. Kf3 Rxa2 45. Bc4 {Strongly threatening Re2.} Rf2+ 46. Kg4 ({Better is} 46. Ke4 $16) 46... f3 $2 {[%mdl 8192]} (46... Kf6 $11) 47. Kxg5 e2 {[#] Threatens to win with ...Rg2+.} 48. Kf4 Rf1 (48... Rh2 $18 49. Kxf3 Rxh3+ 50. Kxe2 Rh7) 49. Rxe2 $4 {[%mdl 8192]} (49. Rxf1 {was the only winning move.} exf1=N 50. Bxf1 a5 51. Kxf3 Kf7 52. Bc4+ Kf8 53. Kg4 Kg7 54. Kg5) 49... fxe2+ 50. Kg4 e1=Q {Accuracy: White = 40%, Black = 33%.} 0-1

[Event "Moniek_Janssen's Schweizer System"]
[Site "T#646157Emanuel Laske"]
[Date "2020.05.18"]
[Round "6"]
[White "Log"]
[Black "Weltszmerc"]
[Result "0-1"]
[WhiteElo "1601"]
[BlackElo "2101"]
[Annotator "TA"]
[PlyCount "68"]
[EventDate "2020.05.18"]
[EventType "swiss (blitz)"]

{[%evp 20,68,20,5,5,4,7,0,2,-6,-12,-48,-39,-38,-41,-38,-28,-34,-10,-56,-47,-61,-56,-58,-36,-39,22,9,53,-130,-132,-131,-131,-133,-104,-131,-108,-137,-136,-137,-130,-122,-127,-340,-128,-164,-160,-491,-315,-821,-721]} 1. c4 Nf6 2. Nc3 b6 3. Nf3 Bb7 4. e3 e6 5. Be2 Be7 6. b3 d5 7. Bb2 O-O 8. O-O c5 9. cxd5 Nxd5 10. d4 cxd4 11. Nxd4 Nxc3 {A30: Symmetrical English: Double Fianchetto and Hedgehog.} 12. Bxc3 Nc6 13. Bf3 (13. Ba6 {with more complications.} Qc8 14. Bxb7 Qxb7 15. Nxc6 Qxc6 16. Bb2) 13... Rc8 {[#] The position is equal.} 14. Nxc6 $146 ({Predecessor:} 14. Bb2 Bf6 15. Bxc6 Bxc6 16. Nxc6 Qxd1 17. Raxd1 Rxc6 18. Bxf6 gxf6 {½-½ (18) Rinder,G-Bachmann,K Bamberg 1962}) 14... Bxc6 15. Qxd8 (15. Bxc6 {is interesting.} Rxc6 16. Bd4 f6 17. Rc1 Rxc1 18. Qxc1 Qd7 19. f4) 15... Rfxd8 16. Bxc6 Rxc6 17. Bd4 Rdc8 18. a4 a6 19. a5 b5 20. g3 f6 21. Rfd1 e5 22. Bb6 Kf7 (22... Bd6 $15) 23. Rd7 $11 Ke6 24. Rad1 $2 {[#]} (24. Ra7 $1 $14 {keeps the upper hand.}) 24... Rc1 $17 25. Kg2 Rxd1 26. Rxd1 {[%mdl 4096] Endgame KRB-KRB} Rc6 27. Rd3 e4 28. Rd4 f5 29. g4 g6 30. gxf5+ gxf5 31. Kg3 $2 {[#] White does not recover from this.} (31. Rd2 $17) 31... Rd6 $2 (31... Rc3 $19 32. Rd1 Rxb3) 32. Rxd6+ Bxd6+ 33. Kh4 $2 (33. Kh3 $17) 33... Bxh2 $19 34. Kg5 $2 (34. Bd4) 34... Bg1 {Accuracy: White = 38%, Black = 71%.} 0-1

[Event "Moniek_Janssen's Schweizer System"]
[Site "T#646157Emanuel Laske"]
[Date "2020.05.18"]
[Round "6"]
[White "Trotsky"]
[Black "Don59as"]
[Result "0-1"]
[WhiteElo "1568"]
[BlackElo "2054"]
[Annotator "NA RC"]
[PlyCount "52"]
[EventDate "2020.05.18"]
[EventType "swiss (blitz)"]

1. d4 {[%emt 0:00:01]} d5 {[%emt 0:00:01]} 2. e3 {[%emt 0:00:00]} e6 {[%emt 0:00:00]} 3. c4 {[%emt 0:00:01]} Nf6 {[%emt 0:00:00]} 4. Nc3 {[%emt 0:00:01]} Be7 {[%emt 0:00:01]} 5. Nf3 {[%emt 0:00:01]} a6 {[%emt 0:00:00]} 6. Bd3 {[%emt 0:00:01]} dxc4 {[%emt 0:00:00]} 7. Bxc4 {[%emt 0:00:01]} b5 {[%emt 0:00:00]} 8. Bd3 {[%emt 0:00:01]} Bb7 {[%emt 0:00:00]} 9. Qc2 {[%emt 0:00:03]} Nbd7 {[%emt 0:00:01]} 10. e4 {[%emt 0:00:02]} c5 {[%emt 0:00:01]} 11. Be3 {[%emt 0:00:01]} Rc8 {[%emt 0:00:03]} 12. O-O-O {[%emt 0:00:02]} h6 {[%emt 0:00:01]} 13. e5 {[%emt 0:00:02]} Nd5 {[%emt 0:00:02]} 14. h4 {[%emt 0:00:01]} cxd4 {[%emt 0:00:02]} 15. Bxd4 {[%emt 0:00:01]} b4 {[%emt 0:00:01]} 16. Kb1 {[%emt 0:00:02]} bxc3 {[%emt 0:00:01]} 17. bxc3 {[%emt 0:00:01]} Qa5 {[%emt 0:00:02]} 18. Ka1 {[%emt 0:00:03]} Nxc3 {[%emt 0:00:01]} 19. Bxc3 {[%emt 0:00:13]} Qxc3+ {[%emt 0:00:03]} 20. Qxc3 {[%emt 0:00:01]} Rxc3 {[%emt 0:00:00]} 21. Bb1 {[%emt 0:00:10]} Bxf3 {[%emt 0:00:02]} 22. gxf3 {[%emt 0:00:01]} Nxe5 {[%emt 0:00:01]} 23. Rc1 {[%emt 0:00:01]} Rxc1 {[%emt 0:00:02]} 24. Rxc1 {[%emt 0:00:01]} O-O {[%emt 0:00:00]} 25. f4 {[%emt 0:00:01]} Nf3 {[%emt 0:00:02]} 26. Rh1 {[%emt 0:00:02]} Bf6# {[%emt 0:00:01] (Lag: Av=0.46s, max=0.9s)} 0-1

[Event "Moniek_Janssen's Schweizer System"]
[Site "T#646157Emanuel Laske"]
[Date "2020.05.18"]
[Round "7"]
[White "Mepe_Nika"]
[Black "SecantFX"]
[Result "1-0"]
[WhiteElo "2324"]
[BlackElo "1864"]
[Annotator "TA"]
[PlyCount "79"]
[EventDate "2020.05.18"]
[EventType "swiss (blitz)"]

{[%evp 9,79,59,106,107,261,259,256,249,339,285,296,217,207,219,220,216,269,117,249,107,173,169,212,6,49,-57,-20,-23,25,15,133,112,125,116,77,49,50,60,56,45,50,-21,36,-22,28,11,43,-5,48,49,135,118,148,125,367,137,374,373,1087,715,655,228,528,508,470,464,1222,-465,-463,-452,-437,-440]} 1. c4 b6 2. d4 Bb7 3. Nc3 g6 4. e4 Bg7 5. h4 {[#]} e6 $146 ({Predecessor:} 5... h6 6. h5 g5 7. f4 gxf4 8. Bxf4 d6 9. Nf3 e6 10. Qd2 Nd7 11. O-O-O a6 {½-½ (45) Mitkov,M (2333)-Petrov,S (2135) Struga 2018}) 6. h5 {A40: Unusual replies to 1 d4.} Ne7 $2 (6... gxh5 $16 {was necessary.} 7. Be3 (7. Rxh5 d6 $14) 7... Nc6) 7. h6 $1 $18 {[%cal Rh6g7]} Bf8 8. Bg5 {White has a decisive advantage.} Rg8 9. Nf3 d6 10. Qc2 Nd7 11. O-O-O f6 12. Be3 g5 {[#]} 13. g4 (13. c5 $1 $18 {[%mdl 512] and White stays clearly on top.}) 13... Ng6 {[#]} (13... c5 $16) 14. Bg2 (14. c5 $1 $18 {[%mdl 512] is the precise move to win.}) 14... Qe7 (14... c5 $16) 15. Nb5 O-O-O 16. Rhe1 $2 (16. Nxa7+ $18 Kb8 17. Qa4) 16... Kb8 (16... Bxh6 $6 17. Nxa7+ Kb8 18. Qa4 $16) 17. Nd2 ({Don't play} 17. Qa4 a6 $15) (17. e5 $14) 17... a6 {And now ...Nh4 would win.} 18. Nc3 e5 19. d5 Nc5 (19... Bxh6 $11 20. Rh1 Bf8) 20. b4 $16 Nd7 21. Nb3 Nf4 ({Much weaker is} 21... Bxh6 $6 22. c5 $1 $11 {[%mdl 512]}) 22. Bxf4 (22. f3 {looks sharper.} Bxh6 23. a4 Bf8 24. a5 h5 25. gxh5 Bh6 26. Qf2) 22... gxf4 23. f3 Bxh6 24. Kb2 Bf8 25. Na4 {[#]} ({White should play} 25. Rh1 $14) 25... Ka7 (25... h5 $1 $11 {[%mdl 512]}) 26. Rc1 ({Better is} 26. Rh1 $14) 26... Rb8 (26... h5 $5) 27. Nc3 Bc8 (27... h5 $5) 28. a4 {[%cal Ba2a4,Ba4a5][%mdl 1056] White has compensation.} Rb7 (28... h5 $1 $11) 29. a5 Nb8 (29... h5 $14) 30. Ra1 Qd7 31. Reb1 c6 $2 {[#]} (31... Ka8 $16 {keeps fighting.}) 32. Kc1 $2 (32. b5 $1 $18 {[%mdl 512] is more deadly.}) 32... cxd5 $2 (32... b5 $16) 33. Nxd5 $18 h5 $2 (33... b5 34. Bf1 (34. Nxf6 Qd8 $18) 34... bxc4 35. Bxc4 Qc6) 34. axb6+ Rxb6 35. Bh3 $2 (35. b5 Qd8 36. Na5) 35... hxg4 $2 (35... Qd8 36. b5 Be6 37. Nxb6 Qxb6) 36. Bxg4 Rxg4 37. fxg4 Rc6 (37... Qxg4 $142 38. Kb2 Nd7) 38. Nb6 $4 {[%mdl 8192]} (38. Na5 $18 {and all is fine.} Qh7 39. Qf2+ Rc5 40. bxc5 dxc5 41. Rb6 Qh1+ {[#]} 42. Kb2 $1 {[%mdl 512]} Qxe4 43. Rxf6 Qd4+ 44. Qxd4 exd4 45. Rxf8) 38... Rxb6 $19 39. b5 Qc7 40. Na5 {[%mdl 32768] Quite a comeback for Black. Accuracy: White = 44%, Black = 22%. . Loss on time!?} 1-0

[Event "Moniek_Janssen's Schweizer System"]
[Site "T#646157Emanuel Laske"]
[Date "2020.05.18"]
[Round "7"]
[White "Little champs"]
[Black "Log"]
[Result "1-0"]
[WhiteElo "2172"]
[BlackElo "1599"]
[Annotator "TA"]
[PlyCount "51"]
[EventDate "2020.05.18"]
[EventType "swiss (blitz)"]

{[%evp 9,51,13,14,3,40,33,75,4,24,-20,0,2,0,4,12,-2,-2,-22,-3,-52,-27,-25,-12,-47,-56,-160,-36,-55,-58,-83,-29,-15,15,-86,72,-36,77,13,23,17,65,0,0,-39]} 1. d4 Nf6 2. e3 g6 3. Nf3 Bg7 4. Be2 O-O 5. O-O d5 6. c4 {D04: Colle System.} b6 7. cxd5 Nxd5 8. Nc3 (8. e4 $16 Nf6 9. Qc2) 8... Bb7 9. Bc4 Nxc3 10. bxc3 {[#]} Nd7 $146 ({Predecessor:} 10... e6 11. Ba3 Nc6 12. Qe2 Na5 13. Bxf8 Qxf8 14. Bb3 Nc6 15. Rfd1 e5 16. d5 e4 17. dxc6 Bxc6 {1-0 (28) Korab,B (1658)-Anderson,L (1193) ICCF email 2015}) 11. a4 c5 12. a5 bxa5 13. Ba3 Qc7 {Black wants to play ...cxd4.} 14. Be2 Rfd8 15. Qa4 Bc6 $36 {[%mdl 2048] Black has the initiative.} 16. Qc2 Rac8 17. Rfb1 {[#]} (17. e4 $15) 17... Ba8 (17... Bxf3 $1 $17 18. Bxf3 cxd4 19. exd4 {[#]} Bxd4 $1 {[%mdl 576] Pin} 20. Bxe7 Re8) 18. Qd2 e6 19. Bd3 cxd4 ({Black should try} 19... e5 $17 {And now ...e4 would win.} 20. Ba6 Rb8) 20. cxd4 $11 Nb6 21. Bc5 (21. Ba6 $11 Bxf3 22. Bxc8) 21... Bd5 $2 (21... e5 $17 {Hoping for ...e4.} 22. Ba6 Bxf3 23. gxf3 exd4 24. Bxd4 Rb8) 22. Qe2 (22. Qxa5 $16 Nd7 23. Be7 (23. Bxa7 Qxa5 24. Rxa5 Rc3 $14) 23... Qxa5 24. Rxa5) 22... Bf8 (22... e5 $15 {keeps the upper hand.} 23. e4 Be6) 23. Rxa5 ({White should play} 23. e4 $16) 23... Bxc5 24. Rxc5 Qd6 25. Rbc1 (25. e4 $14 Ba8 26. Rxc8 Rxc8 27. Qd2) 25... Rxc5 26. dxc5 {[%mdl 32768] Accuracy: White = 36%, Black = 45%. . Loss on time!?} 1-0

[Event "Moniek_Janssen's Schweizer System"]
[Site "T#646157Emanuel Laske"]
[Date "2020.05.18"]
[Round "7"]
[White "Toosieslide"]
[Black "Lamborghini"]
[Result "1/2-1/2"]
[WhiteElo "2155"]
[BlackElo "2312"]
[Annotator "TA"]
[PlyCount "140"]
[EventDate "2020.05.18"]
[EventType "swiss (blitz)"]

{[%evp 17,140,44,60,51,61,46,47,41,33,32,32,0,0,0,30,25,208,153,260,260,370,378,365,70,165,131,171,8,1,-76,-63,-66,-51,-57,-37,-92,-92,-131,-104,-116,-114,-118,-103,-291,-151,-287,-300,-710,-153,-131,-137,-166,-164,-163,-153,-183,-123,-137,141,146,136,145,348,341,469,469,469,468,468,468,454,452,503,437,481,433,411,380,364,274,274,274,780,343,685,684,1553,693,1210,1195,1960,1056,2112,2025,1968,1943,29984,29984,29985,29986,29986,29987,29988,29989,29989,29990,29990,29991,29991,29992,29992,29990,29990,29989,29989,29987,29987,29988,29992,29993,29994,29993,29993,29992,29992]} 1. d4 Nf6 2. c4 g6 3. Nc3 Bg7 4. e4 O-O 5. f3 d6 6. Be3 Nc6 7. Nge2 a6 8. Qd2 Rb8 9. Rc1 Bd7 10. Nd1 {E84: King's Indian: Sämisch Panno: 7 Nge2 a6 8 Qd2 Rb8.} e6 11. g3 b5 12. c5 {White is slightly better.} dxc5 13. Rxc5 Re8 14. Bg2 Bf8 15. Rc1 Bb4 16. Ndc3 {[#]} Ne7 $146 (16... e5 $11 {and Black is okay.}) ({Predecessor:} 16... e5 17. a3 Be7 18. O-O exd4 19. Nxd4 Ne5 20. Qe2 c5 21. Nc2 b4 22. axb4 cxb4 {0-1 (52) Grigoryan,K (2533)-Valdes Romero,L (2386) Barcelona 2016}) 17. O-O c6 (17... Nc8 $16 18. Nf4 Nb6) 18. a3 $18 Ba5 (18... Bxc3 $142 19. Qxc3 a5) 19. b4 Bb6 20. Na2 $2 (20. Bg5 $18 Nh5 21. e5) 20... Nc8 (20... e5 $14) 21. Rc2 Nd6 {[#]} 22. Rfc1 $2 (22. e5 $1 $18 {Hoping for Bg5.} Nd5 23. exd6) 22... Nc4 $11 23. Qd3 (23. Rxc4 $1 $11 {keeps the balance.} bxc4 24. Nac3) 23... e5 24. Bf2 exd4 25. Bxd4 Nh5 26. g4 (26. Bxb6 $15 Qxb6+ 27. Qd4) 26... Ng7 $17 27. Qc3 Ne6 28. Bxb6 Qxb6+ 29. Kh1 Rbd8 30. Rd1 $2 (30. Re1 $17) 30... Bc8 (30... Ne3 $19 31. Rcd2 Nxd1 32. Rxd1 Bc8) 31. Rxd8 (31. Re1 $17) 31... Rxd8 $19 ({Weaker is} 31... Qxd8 32. Bf1 $17) 32. Rc1 $2 (32. Qe1) 32... Qe3 $2 (32... Rd2 $19 33. Qf6 Rxe2) 33. Qxe3 $17 Nxe3 34. h3 Rd2 35. Nac3 c5 36. Kg1 c4 ({Black should play} 36... Nc4 $19 37. Bf1 Nxa3) 37. Kf2 Nc2 $2 {[%mdl 8192]} (37... Rd3 $17 {keeps the pressure on.} 38. h4 h6) 38. Nb1 $16 Rxe2+ 39. Kxe2 Ned4+ $2 (39... Nf4+ $16 {might work better.} 40. Kd2 Nxa3) 40. Kd2 $18 Nxa3 41. Nxa3 Nb3+ 42. Kc2 Nxc1 43. Kxc1 Bd7 44. Nb1 f6 45. Nc3 g5 46. Bf1 Kf7 47. Be2 Ke6 48. Kd2 Ke5 49. Ke3 h5 $2 (49... Bc8 50. Bf1 Bb7) 50. Nd5 (50. gxh5 $142 {Black must now prevent h6.} f5 51. exf5) 50... h4 $2 (50... hxg4 51. hxg4 Be6) 51. Nc7 Be6 52. Nxa6 (52. Nxe6 $142 Kxe6 53. f4) 52... c3 53. Nc5 c2 54. Nd3+ Kd6 55. Kd2 Bc4 56. Kxc2 Bxd3+ 57. Bxd3 {White mates.} Ke5 58. Bxb5 {[%mdl 4096] Endgame KB-K3P} Kf4 59. Bf1 Kg3 60. b5 Kf2 61. b6 Kxf1 {KP-KP} 62. b7 Kg2 63. b8=Q Kxh3 64. Qd6 Kg2 65. Qxf6 h3 66. Qxg5 h2 67. Qh5 Kxf3 68. Qxh2 Kxg4 69. e5 Kf5 {[#]} 70. e6 $1 Kxe6 {[%mdl 32768] Quite a comeback for White. Accuracy: White = 45%, Black = 35%. . An unexpected result.} 1/2-1/2

[Event "Moniek_Janssen's Schweizer System"]
[Site "T#646157Emanuel Laske"]
[Date "2020.05.18"]
[Round "7"]
[White "Weltszmerc"]
[Black "Trotsky"]
[Result "1-0"]
[WhiteElo "2103"]
[BlackElo "1566"]
[Annotator "TA"]
[PlyCount "63"]
[EventDate "2020.05.18"]
[EventType "swiss (blitz)"]

{[%evp 9,63,27,42,32,30,27,102,70,229,229,418,311,320,283,360,278,409,401,429,379,364,368,389,392,387,379,364,287,273,265,264,254,383,385,931,713,617,329,473,330,556,398,541,393,391,358,359,316,435,435,431,405,843,831,770,706]} 1. d4 d5 2. c4 e6 3. Nf3 c5 4. cxd5 exd5 5. g3 Be6 6. Bg2 {D30: Queen's Gambit Declined: Systems without Nc3.} Nc6 7. O-O c4 {[#]} (7... Nf6 $11 {remains equal.}) 8. b3 $146 {White is better.} ({Predecessor:} 8. Nc3 Nf6 9. Bg5 Be7 10. Re1 h6 11. Bf4 a6 12. Ne5 O-O 13. Nxc6 bxc6 14. e4 Qb6 15. exd5 cxd5 16. Qd2 Bb4 {½-½ (42) Murin,P (2026)-Sarocky,L (1838) Namestovo 2017}) 8... Qc7 $2 {[#]} ({Black should play} 8... cxb3 $14 9. Qxb3 Qd7) 9. bxc4 $18 Bd6 $2 (9... Nf6 10. cxd5 Bxd5) 10. cxd5 Bxd5 11. Nc3 Bxf3 12. Bxf3 Nf6 (12... Nge7 $142 13. Nb5 Qd8) 13. Nb5 Qb8 14. Nxd6+ Qxd6 15. Bf4 Qd7 16. d5 Ne7 17. d6 Ng6 18. Bg5 Rd8 19. Bxf6 gxf6 20. Rb1 f5 (20... Ne5 $142 21. Qc2 (21. Bxb7 O-O $18) 21... O-O) 21. Rxb7 Qe6 $2 {[#]} (21... Qxd6 22. Qa4+ Kf8 23. Qxa7 Ne5) 22. Qa4+ Kf8 23. Qxa7 Ne5 (23... Rxd6 $142 24. Rfb1 Ne5) 24. Bg2 h5 $2 (24... Rxd6 25. a4 Kg7) 25. h4 Rg8 26. Rb8 Kg7 27. Rxd8 Rxd8 28. Qe7 ({Not} 28. f4 Ng4 $18) 28... Qxe7 29. dxe7 Re8 30. f4 Rxe7 (30... Ng4 $142 31. Ra1 Rxe7) 31. fxe5 Rxe5 32. Bf3 {Black did not feel at home in the position after the opening. Accuracy: White = 44%, Black = 19%.} 1-0

[Event "Moniek_Janssen's Schweizer System"]
[Site "T#646157Emanuel Laske"]
[Date "2020.05.18"]
[Round "7"]
[White "Don59as"]
[Black "Lazieri3"]
[Result "1-0"]
[WhiteElo "2056"]
[BlackElo "2102"]
[Annotator "NA RC"]
[PlyCount "61"]
[EventDate "2020.05.18"]
[EventType "swiss (blitz)"]

1. c4 {[%emt 0:00:01]} c6 {[%emt 0:00:00]} 2. Nc3 {[%emt 0:00:01]} d5 {[%emt 0:00:00]} 3. e3 {[%emt 0:00:00]} Nf6 {[%emt 0:00:02]} 4. cxd5 {[%emt 0:00:01]} cxd5 {[%emt 0:00:02]} 5. Nf3 {[%emt 0:00:00]} Nc6 {[%emt 0:00:00]} 6. Be2 {[%emt 0:00:01]} Bf5 {[%emt 0:00:01]} 7. d4 {[%emt 0:00:01]} e6 {[%emt 0:00:01]} 8. O-O {[%emt 0:00:01]} h6 {[%emt 0:00:01]} 9. a3 {[%emt 0:00:01]} Ne4 {[%emt 0:00:01]} 10. Nxe4 {[%emt 0:00:02]} Bxe4 {[%emt 0:00:00]} 11. Nd2 {[%emt 0:00:02]} Bg6 {[%emt 0:00:01]} 12. b4 {[%emt 0:00:01]} Bd6 {[%emt 0:00:01]} 13. Bb2 {[%emt 0:00:01]} a6 {[%emt 0:00:01]} 14. f4 {[%emt 0:00:01]} O-O {[%emt 0:00:01]} 15. Nf3 {[%emt 0:00:01]} Ne7 {[%emt 0:00:01]} 16. Bd3 {[%emt 0:00:01]} Bxd3 {[%emt 0:00:01]} 17. Qxd3 {[%emt 0:00:01]} Ng6 {[%emt 0:00:01]} 18. Ne5 {[%emt 0:00:01]} Nxe5 {[%emt 0:00:01]} 19. fxe5 {[%emt 0:00:00]} Be7 {[%emt 0:00:00]} 20. Rac1 {[%emt 0:00:03]} Rc8 {[%emt 0:00:01]} 21. Rxc8 {[%emt 0:00:02]} Qxc8 {[%emt 0:00:00]} 22. Rc1 {[%emt 0:00:00]} Qd7 {[%emt 0:00:01]} 23. Qc3 {[%emt 0:00:01]} f6 {[%emt 0:00:01]} 24. Qc7 {[%emt 0:00:03]} Re8 {[%emt 0:00:04]} 25. Qxd7 {[%emt 0:00:01]} Kf7 {[%emt 0:00:04]} 26. Rc7 {[%emt 0:00:02]} fxe5 {[%emt 0:00:02]} 27. dxe5 {[%emt 0:00:00]} g5 {[%emt 0:00:04]} 28. Bd4 {[%emt 0:00:01]} b5 {[%emt 0:00:01]} 29. Bc5 {[%emt 0:00:01]} Kg6 {[%emt 0:00:01]} 30. Bxe7 {[%emt 0:00:01]} Kf5 {[%emt 0:00:00]} 31. Bd6 {[%emt 0:00:02] Time (Lag: Av=0.74s, max=1.5s)} 1-0